ALGEBRAICALLY UNRELATED SEQUENCES

Bibliographic Details
Main Author: Hančl, Jaroslav (Author)
Format: Article
Language:English

MARC

LEADER 00000nab a2200000uu 4500
001 vtls011450712
003 SK-MaSNL
005 20260303151312.0
008 230222|2003 xo |||||||||||||||||eng|
015 |a SNBRB 
035 |a (urnnbn)urn:nbn:sk:snk:ar-006jzx 
035 |a (uuid)96307a82-1cce-42b8-b0ae-10418e04f78c 
035 |a urn:nbn:sk:snk-abcmu7 
040 |a SNKBUCL  |b slo  |c SNKBUCL  |e AACR2 
041 0 |a eng 
044 |a xo  |c SK 
100 1 |a Hančl, Jaroslav  |4 aut  |9 1170702 
245 1 0 |a ALGEBRAICALLY UNRELATED SEQUENCES  |c Jaroslav Hančl 
773 0 |t Mathematica Slovaca  |g Roč. 53, č. 1 (2003), s. 43-49 
958 |a OND 
958 |a EUIPO 
958 |a article16 
999 |c 2017017  |d 2018947